[Event "Catarinense-ch U20"]
[Site "Rio Negrinho"]
[Date "2023.03.24"]
[Round "1"]
[White "Staats, Gustavo Da Silva"]
[Black "Do Valle Cardoso, Lucas"]
[Result "0-1"]
[WhiteElo "1567"]
[BlackElo "2250"]
[PlyCount "116"]
[EventDate "2023.03.24"]
[EventType "swiss"]
[EventRounds "6"]
[EventCountry "BRA"]
[SourceTitle "CBM 213 Extra"]
[Source "ChessBase"]
[SourceDate "2023.05.31"]
[SourceVersion "1"]
[SourceVersionDate "2023.05.31"]
[SourceQuality "1"]

1. d4 d5 2. Bf4 Nf6 3. Nf3 c5 4. e3 Nc6 5. c3 Qb6 6. Qb3 c4 7. Qc2 Bf5 8. Qc1 e6 9. Nbd2 h6 10. b3 cxb3 11. axb3 Be7 12. h3 Rc8 13. Be2 Nb4 14. 0-0 Nd3 15. Bxd3 Bxd3 16. Re1 0-0 17. Qb2 a6 18. Rec1 Nd7 19. Ra2 f6 20. Ne1 Bh7 21. b4 e5 22. Bh2 Qe6 23. Nb3 Nb6 24. Nc5 Qc6 25. Nf3 Nc4 26. Qb3 Rfe8 27. Nd2 Bxc5 28. bxc5 Bd3 29. Qd1 Rcd8 30. Nxc4 Bxc4 31. Rb2 Bb5 32. Qb3 b6 33. cxb6 Qxb6 34. c4 dxc4 35. Rxc4 Qe6 36. Rb4 exd4 37. Rd2 Qxb3 38. Rxb3 dxe3 39. Rxd8 exf2+ 40. Kxf2 Rxd8 41. Bf4 Kf7 42. h4 g5 43. hxg5 hxg5 44. Be3 Rc8 45. Rb2 Kg6 46. Rd2 Rc6 47. Rb2 f5 48. g3 Rc4 49. Rd2 f4 50. Rd6+ Kf5 51. gxf4 gxf4 52. Ba7 Rc2+ 53. Ke1 f3 54. Rd8 Ke4 55. Rf8 Ra2 56. Rb8 Re2+ 57. Kd1 f2 58. Rf8 Re1+ 0-1

[Event "Santa Catarina State-ch 65th"]
[Site "Rio Negrinho"]
[Date "2021.07.23"]
[Round "3"]
[White "Cezar, Ricardo de Almeida"]
[Black "Staats, Gustavo Da Silva"]
[Result "1-0"]
[WhiteElo "1741"]
[BlackElo "1525"]
[PlyCount "45"]
[EventDate "2021.07.22"]
[EventType "swiss"]
[EventRounds "7"]
[EventCountry "BRA"]
[SourceTitle "EXT 2022"]
[Source "ChessBase"]
[SourceDate "2021.10.06"]
[SourceVersion "1"]
[SourceVersionDate "2021.10.06"]
[SourceQuality "1"]

1. d4 d5 2. Bf4 c5 3. e3 Bf5 4. dxc5 Qa5+ 5. Nc3 Qxc5 6. Qxd5 e6 7. Qxb7 e5 8. Bb5+ Kd8 9. 0-0-0+ Bd6 10. Qxa8 exf4 11. Qxb8+ Ke7 12. Rxd6 Qxd6 13. Qxa7+ Kf6 14. Qd4+ Qxd4 15. exd4 Ne7 16. Nf3 Rc8 17. Ne5 Ng6 18. Nxg6 fxg6 19. Bd3 Re8 20. Bxf5 Kxf5 21. Kd2 f3 22. g3 Kg4 23. h3+ 1-0

[Event "Sao Bento do Sul op 07"]
[Site "Sao Bento do Sul"]
[Date "2019.07.12"]
[Round "1"]
[White "Rahn, Marlon Cristiano"]
[Black "Staats, Gustavo Da Silva"]
[Result "0-1"]
[WhiteElo "1131"]
[BlackElo "1572"]
[PlyCount "54"]
[EventDate "2019.07.12"]
[EventType "swiss"]
[EventRounds "7"]
[EventCountry "BRA"]
[SourceTitle "CBM 195 Extra"]
[Source "ChessBase"]
[SourceDate "2020.05.31"]
[SourceVersion "1"]
[SourceVersionDate "2020.05.31"]
[SourceQuality "1"]

1. e4 c6 2. Nf3 d5 3. e5 Bf5 4. c4 e6 5. Qb3 Na6 6. Nd4 Bg6 7. cxd5 exd5 8. Bxa6 bxa6 9. Nxc6 Qd7 10. Nb8 Qc7 11. Nxa6 Qxc1+ 12. Ke2 Qc6 13. Qxd5 Qxa6+ 14. Kd1 Rd8 15. Qb3 Bc5 16. Re1 Bxf2 17. e6 Bxe1 18. exf7+ Bxf7 19. Qe3+ Qe6 20. Qxe6+ Bxe6 21. Kxe1 Nf6 22. Nc3 Ke7 23. Kd1 Rd3 24. Kc2 Rhd8 25. Rd1 Bf5 26. Re1+ Kf7 27. Kc1 Rxd2 0-1